| 000 | 00502nam a2200205Ia 4500 | ||
|---|---|---|---|
| 003 | OSt | ||
| 005 | 20230515112349.0 | ||
| 008 | 210423s2010 xx 000 0 und d | ||
| 020 | _a9788123917276 | ||
| 040 | _cAL | ||
| 041 | _aeng | ||
| 082 |
_a615.1 _223 _bSENP |
||
| 100 |
_aSENGUPTA (P R). _9104152 |
||
| 245 | _aMedical pharmacology. | ||
| 260 |
_aNew Delhi _bCBS Publications _c2010 |
||
| 300 |
_axii,567 _bPB |
||
| 365 |
_b475 _cINR |
||
| 906 | _aMedical ; pharmacology. | ||
| 942 |
_2ddc _cBK |
||
| 999 |
_c164376 _d164376 |
||